000 00646nam a2200241 i 4500
001 C2-0274692
003 PPAK
005 20180728003701.0
008 061003s2005 my |||| ||||| | may d
020 _a9678602547
040 _aPPAK
_beng
_cPPAK
_erda
082 0 4 _a297.53
_223
090 0 0 _a297.53
_bALM
_dG
100 1 _aAl-Munajjid, Muhammad Soleh,
_eauthor
245 1 0 _aSoal jawab puasa 3
264 1 _aShah Alam, Selangor :
_bKarya Bestari ,
_c2005
300 _a208 pages ;
_c19 cm
336 _2rdacontent
_atext
337 _2rdamedia
_aunmediated
338 _2rdacarrier
_avolume
650 1 0 _aFasting (Islam)
942 _ddc
_cB
999 _c82446
_d82446